|
|
|
|
| LEADER |
00000nam a2200000 a 4500 |
| 001 |
vtls009969206 |
| 003 |
SK-MaSNL |
| 005 |
20260302081232.0 |
| 008 |
091112s2000 xx o g c 000 0 slo |
| 020 |
|
|
|a (brož.)
|
| 040 |
|
|
|a SNK
|b slo
|c SNK
|e AACR2
|
| 041 |
0 |
|
|a slo
|
| 043 |
|
|
|a n-us---
|
| 044 |
|
|
|a xx
|
| 072 |
|
7 |
|a 328
|x Zastupiteľské orgány. Vlády. Politické systémy jednotlivých krajín
|2 konspekt
|
| 080 |
|
|
|a 328.1
|2 2001
|
| 080 |
|
|
|a 342.537.3/.5
|2 2001
|
| 080 |
|
|
|a (73)
|2 2001
|
| 080 |
|
|
|a (083.824)
|2 2001
|
| 245 |
0 |
0 |
|a Tvorca všetkých zákonov
|b Kongres Spojených štátov
|
| 246 |
3 |
0 |
|a Kongres Spojených štátov
|
| 250 |
|
|
|a [1. vyd.]
|
| 260 |
|
|
|a [S.l.]
|b [s.n.]
|c [2000]
|
| 300 |
|
|
|a [14] s.
|b fotogr.
|c 14 x 22 cm
|
| 500 |
|
|
|a Názov z obalu
|
| 610 |
1 |
7 |
|a Spojené štáty americké.
|b Congress
|2 SNKKA
|9 151682
|
| 650 |
0 |
7 |
|a zákonodarné orgány
|2 SNKPH
|9 3645
|
| 650 |
0 |
7 |
|a zákonodarstvo
|2 SNKPH
|9 1153
|
| 651 |
|
7 |
|a Spojené štáty americké
|2 SNKPH
|9 18262
|
| 655 |
|
7 |
|a katalógy výstav
|2 SNKPH
|9 70445
|
| 999 |
|
|
|c 1175693
|d 1177623
|
| 952 |
|
|
|a SNK
|b SNK
|y PREZ
|7 0
|p 17A0638018
|o snkOSE 4521
|i snk2009/20274
|8 3
|g 1.00
|0 0
|1 0
|4 0
|d 2009-11-12
|l 0
|r 2026-02-24 21:21:00
|w 2026-02-24
|